000
00293nam a22001337a 4500
008
210224b ||||| |||| 00| 0 eng d
020
_a
14118837199
041
_a
eng
080
_a
004
100
_a
35
101
_a
SHKI
245
_a
Guide To Operating Systems
_c
Palmer,M
942
_2
udc
_c
BK
999
_c
55135
_d
55135